Musik Allgemeinwissen Quiz #3 - Statistiken

Allgemein
  • Dieses Quiz wurde 355 mal gespielt
  • Das Durchschnittsergebnis liegt bei 12 aus 20
Antwortstatistiken
Frage Antwort % Korrekt
Welche Farbe hat das U-Boot, das die Beatles in einem ihrer Lieder besingen? Gelb
91%
Die Hits "Let it Be", "Yesterday" und "Hey Jude" stammen von welcher Band? The Beatles
91%
Führen Sie den Vers weiter: "Alle meine Entchen schwimmen..."? auf dem See
90%
Die Marseillaise ist die Nationalhymne welches Landes? Frankreich
87%
Von welcher Band stammen Songs wie "Heart-Shaped Box", "Lithium" und "Smells Like Teen Spirit"? Nirvana
85%
Von welcher US-amerikanischen Rockband stammen Songs wie "Bad Medicine", "Wanted Dead or Alive" und "Livin' on a Prayer"? Bon Jovi
82%
Welcher Deutschrapper heißt bürgerlich Volkan Yaman und hat Hits wie "Brot nach Hause", "Sport" und "Komet"? Apache 207
76%
Welches Holzblasinstrument wird besonders mit dem Jazz-Genre verbunden? Saxophon
69%
Welches Instrument gilt als Symbol des südafrikanischen Fußballs und kam unter anderem bei der WM 2010 unter vielen Fans zum Einsatz? Vuvuzela
69%
Welcher deutsche Sänger ist "einer von 80 Millionen"? Max Giesinger
68%
Welche deutsche Industrial-Rockband, bekannt für ihre Pyro-Liveshows, veröffentlichte 2022 mit "Zeit" ihr achtes Studioalbum? Rammstein
67%
Welcher Schlagersänger mit Locken und Schnauzbart besang in den 90ern das Ruhrgebiet? Wolfgang Petry
66%
Von welcher Band stammt der Song "Moves like Jagger"? Maroon 5
65%
Für welches Event steht der Song "Fire" von Meduza, OneRepublic und Leony? Fußball-EM 2024
48%
Welcher Frau hat der Rapper Sido neben Sarah, Marie und Jana einen Song gewidmet? Carmen
38%
Welcher deutsche Rapper heißt wie ein Kodex der japanischen Samurai? Bushido
37%
Welche deutsche Band steckt hinter Hits wie "Beinah", "Hör gut zu" und "Funkelperlenaugen"? Pur
36%
Von welcher US-amerikanischen Popsängerin stammen Hits wie "Left Outside Alone", "I'm Outta Love" und "One Day in Your Life"? Anastacia
34%
Wie nennt man den Stab, den ein Dirigent im Orchester bedient? Taktstock
29%
In welcher Boygroup begann Ronan Keating 1993 seine Karriere? Boyzone
20%
Keine übereinstimmenden Quizze gefunden
Verteilung der Resultate
Anzahl Personen mit jedem Resultat
Perzentil nach korrekt beantworteten Fragen
Ihre Resultats-Entwicklung
Sie haben dieses Quiz noch nicht gespielt